000
00380nam a2200157Ia 4500
008
100122s9999 xx 000 0 und d
082
_b
14173
_a
50
245
_a
कदंब -2008
250
_a
0
300
_a
208
520
_a
दिवाळी 2006
620
_a
दिवाळी 2006
630
_a
कदंब -2008
730
_a
कदंब -2008
942
_c
BOOK
999
_c
387690
_d
387687